Du mandat

Αποθηκεύτηκε σε:
Λεπτομέρειες βιβλιογραφικής εγγραφής
Κύριος συγγραφέας: Troplong, M (Συγγραφέας)
Μορφή: Βιβλίο
Γλώσσα:Γαλλικά
Έκδοση: París Charles Hingray 1846
Σειρά:Droit Civil Expliqué
Θέματα:
Ετικέτες: Προσθήκη ετικέτας
Δεν υπάρχουν, Καταχωρήστε ετικέτα πρώτοι!

MARC

LEADER 00000nam a2200000 a 4500
001 UCS1796
003 CL-VaPUC
008 970515e18460000FR |||||||||||||||||fre|d
082 0 4 |a 346.44  |b TRO  |2 21 
100 0 |a Troplong, M  |e author  |9 386587 
245 1 0 |a Du mandat 
300 |a v 
942 |c BK 
945 |d 19970515 00:00:00  |a paguirre 
260 |a París  |b Charles Hingray  |c 1846 
650 0 |a Derecho civil  |9 255013 
650 7 |a MANDATO CIVIL  |2 CL-VaPUC  |9 335375 
650 0 |a Contratos  |9 255153 
650 0 |a Obligaciones   |9 255578 
651 0 |a Francia  |9 255157 
583 |a last modification  |c 19970515 00:00:00  |k Rodrigo Vera 
490 0 |a Droit Civil Expliqué 
999 |c 259828  |d 259826 
952 |0 0  |1 0  |4 0  |6 346_440000000000000_TRO_1846  |7 0  |8 X  |9 285264  |a BIBDER  |b BIBDER  |d 2019-11-19  |h v.16  |i 1847791  |l 1  |o 346.44 TRO 1846  |p 1847791  |r 2023-08-07  |s 2023-08-07  |w 2019-11-19  |y BK_X  |k DER